LEADER 00799nam0-22003011i-450- 001 990002053840403321 005 20021010 035 $a000205384 035 $aFED01000205384 035 $a(Aleph)000205384FED01 035 $a000205384 100 $a20021010d--------km-y0itay50------ba 101 0 $aita 200 1 $aAnimal ecology aims and methods$fA. Macfadyen 210 $aLondon$cSir issc Pitman & Sons$d1957 215 $a264 p.$d23 cm 610 0 $aEcologia 610 0 $aEcologia Animale 676 $a591.5 700 1$aMacfadyen,$bAmyan$064882 801 0$aIT$bUNINA$gRICA$2UNIMARC 901 $aBK 912 $a990002053840403321 952 $a61 VIII A.2/07$b1287$fDAGEN 959 $aDAGEN 996 $aAnimal ecology aims and methods$9405982 997 $aUNINA DB $aING01 LEADER 01524nam 2200421 450 001 9910397874203321 005 20201104122341.0 010 $a84-946987-9-6 035 $a(CKB)4100000009605837 035 $a(MiAaPQ)EBC6771707 035 $a(EXLCZ)994100000009605837 100 $a20201104d2017 uy 0 101 0 $aspa 135 $aurcnu|||||||| 181 $ctxt$2rdacontent/spa 182 $cc$2rdamedia/spa 183 $acr$2rdacarrier/spa 200 00$aManual de contabilidad financiera adaptado a personas con discapacidad intelectual /$fJose? Manuel Santos Jae?n (coordinador), Marcos Anto?n Renart, Ester Gras Gil [y otros] 210 1$a[Barcelona] :$cJ.M. Bosch,$d2017. 215 $a1 recurso en li?nea (350 pa?ginas) 311 $a84-946987-8-8 320 $aBibliografi?a: pa?ginas 349-350. 606 $aContabilidad$xEstudio y ensen?anza 606 $aPersonas con discapacidad mental 606 $aAccounting$xStudy and teaching 606 $aPeople with mental disabilities 608 $aLibros electronicos. 615 4$aContabilidad$xEstudio y ensen?anza. 615 4$aPersonas con discapacidad mental. 615 0$aAccounting$xStudy and teaching. 615 0$aPeople with mental disabilities. 676 $a657.072 702 $aSantos Jae?n$b Jose? Manuel 801 0$bFINmELB 906 $aBOOK 912 $a9910397874203321 996 $aManual de contabilidad financiera adaptado a personas con discapacidad intelectual$91944339 997 $aUNINA